images (140×140)   Dow University of Health Sciences Library Catalogue

Welcome to Dow University of Health Sciences Library Online Public Access Catalog

Obstetrics and Gynecology Ultrasound: A Self-Assessment Guide. (Record no. 8182)

MARC details
000 -LEADER
fixed length control field 00406nam a2200145Ia 4500
008 - FIXED-LENGTH DATA ELEMENTS--GENERAL INFORMATION
fixed length control field 241014s9999||||xx |||||||||||||| ||und||
020 ## - INTERNATIONAL STANDARD BOOK NUMBER
International Standard Book Number 0-443064628
060 ## - NATIONAL LIBRARY OF MEDICINE CALL NUMBER
Classification number WQ 18.2 O 2005
100 ## - MAIN ENTRY--PERSONAL NAME
Personal name Oluwakemi O. Ola-Ojo
245 #0 - TITLE STATEMENT
Title Obstetrics and Gynecology Ultrasound: A Self-Assessment Guide.
260 ## - PUBLICATION, DISTRIBUTION, ETC.
Name of publisher, distributor, etc. Elsevier Churchill Livingstone
Date of publication, distribution, etc. 2005
300 ## - PHYSICAL DESCRIPTION
Extent 468
650 ## - SUBJECT ADDED ENTRY--TOPICAL TERM
Topical term or geographic name entry element Obstetrics
942 ## - ADDED ENTRY ELEMENTS (KOHA)
-- DIMC
Koha item type Books

No items available.




©2026, All rights reserved. Dow University of Health Sciences, Karachi, Pakistan.